Sports Quiz

Random Sports or WWE Quiz

Individual WWE/World Tag Team Champions Quiz Stats

 Plays Quiz Updated Feb 16, 2019

Challenge
Share
Tweet
Embed
Score 0/226 Timer 15:00
12 Plays Today
First reign Wrestler % Correct
1998Kane
87.6%
1994Shawn Michaels
86%
1998The Undertaker
86%
2001Triple H
85.4%
2000Edge
85.1%
1999The Rock
83.1%
1999Matt Hardy
82%
1999Jeff Hardy
81.9%
1987Bret Hart
81.6%
2000Christian
81.2%
1995Owen Hart
81%
2007John Cena
80.5%
1973Dean Ho
80.4%
1997Steve Austin
79%
1999The Big Show
78.6%
2006Randy Orton
78.4%
2002Hulk Hogan
78.1%
2000Bubba Ray Dudley
77.7%
2003Ric Flair
77.6%
2000D-Von Dudley
77.5%
1997Mick Foley
77.1%
2001Chris Jericho
76.9%
2002Spike Dudley
75.2%
1995Billy Gunn/Billy
75.1%
2015Big E
74.3%
1991Road Warrior Hawk
72.9%
2002Goldust
72.8%
2003Batista
72.7%
1991Road Warrior Animal
72.5%
2002Eddie Guerrero
72.3%
2007The Miz
72.2%
2007Cody Rhodes/Stardust
72.1%
2001Chris Benoit
72.1%
2002Chavo Guerrero
71.2%
2008Kofi Kingston
71.2%
1994Mo
70%
2013Seth Rollins
70%
2016Sheamus
69.7%
2002Rey Mysterio
69.4%
2015Xavier Woods
69.4%
1994X-Pac/The 1-2-3 Kid
69%
2017Dean Ambrose
68.8%
1992Ted DiBiase
68.8%
1986The British Bulldog/Davey Boy Smith
68.4%
1995Bart Gunn
68.3%
2002Kurt Angle
68.2%
1988Ax
67.8%
1994Diesel
67.7%
1997Road Dogg
67.7%
1999Bradshaw
67.6%
2008Ted DiBiase, Jr.
67.5%
2013Roman Reigns
67%
2001Booker T
66.5%
2014Jimmy Uso
66.3%
2014Jey Uso
66.2%
1988Smash
65.1%
2017Karl Anderson
64.1%
2016Bray Wyatt
63.9%
1999Faarooq
63.8%
1987Jim Neidhart
63.6%
1994Rikishi/Fatu
63.1%
2005John Morrison/Johnny Nitro
62.6%
2019Shane McMahon
62.4%
2015Cesaro
62.1%
1981Moondog King
62.1%
2008CM Punk
61.6%
1989Andre the Giant
61.5%
1989Arn Anderson
60.7%
2018Rowan
60.1%
2003Rob Van Dam
60%
2010David Hart Smith
59.9%
1990Crush
59.6%
1972Sonny King
59.4%
1995Hardcore Holly/Bob Holly
58.4%
2016Rhyno
58.4%
2010Heath Slater
58.1%
First reign Wrestler % Correct
2012Daniel Bryan
57.9%
1994Mabel
57.2%
2006Nicky/Dolph Ziggler
57%
1999Crash Holly
57%
1985I.R.S./Mike Rotundo
56.8%
2016Luke Harper
56.5%
2003Shelton Benjamin
56.1%
2001Test
55.9%
2011Curtis Axel
55.7%
1995Yokozuna
55.3%
2016Jason Jordan
53.7%
2010Tyson Kidd
53.2%
2006Roddy Piper
53%
2017Luke Gallows
53%
2000Scotty 2 Hotty
52.6%
2003Charlie Haas
52%
2003William Regal
51.9%
2016Chad Gable
51.5%
1979Tito Santana
51.4%
1998The Big Boss Man
51.3%
1994Marty Jannetty
51.2%
1989Haku
51%
2010Justin Gabriel
50.8%
2018Braun Strowman
50.8%
1993Scott Steiner
50.8%
1993Rick Steiner
50.5%
2010David Otunga
50.5%
2008Carlito
50%
1992Earthquake
50%
2005Joey Mercury
49.7%
1980Rick Martel
49.3%
1985The Iron Sheik
49.1%
1985Greg Valentine
48.3%
1983Rocky Johnson
48.3%
1999Jeff Jarrett
48.3%
2000Grandmaster Sexay
48%
2018Bobby Roode
47.9%
1986Dynamite Kid
47.7%
2018Bo Dallas
47.7%
2008Primo
47.6%
1985Brutus Beefcake
47.4%
2000The Godfather
47.1%
1992Typhoon
47.1%
1989Tully Blanchard
46.9%
2015Darren Young
46.8%
2002Lance Storm
46.6%
2004Paul London
46.5%
2007Deuce
46.4%
2019Scott Dawson
46.3%
2006Brian Kendrick
45.9%
1999Al Snow
45.9%
2001Chuck Palumbo
45.7%
1998Ken Shamrock
45.4%
2012R-Truth
45.4%
2015Titus O'Neil
45.3%
2002The Hurricane
45.2%
2019Dash Wilder
44.8%
2003Val Venis/Chief Morley
44.8%
2001Diamond Dallas Page
44.7%
1998Terry Funk/Chainsaw Charlie
44.3%
1985Nikolai Volkoff
43.9%
1997Headbanger Mosh
43.9%
1980Afa
43.4%
1985Barry Windham
43.4%
1997Headbanger Thrasher
43.2%
2012Epico
42.9%
2003Tajiri
42.8%
1980Sika
42.6%
2014Damien Mizdow
42.4%
2006Kenny
42.3%
1991Brian Knobbs
41.5%
1980Bob Backlund
41.2%
1991Jerry Sags
41.2%
2003Rene Dupree
41%
2006Mikey
41%
2018Nicholas
40.9%
First reign Wrestler % Correct
1994Samu
40.9%
2010Santino Marella
40.5%
1993Jacques
40.5%
1975Pat Barrett
40.5%
2005Trevor Murdoch
40.4%
1996Henry O. Godwinn
40.3%
1996Skip
40.3%
1996Phineas I. Godwinn
40.2%
2011Evan Bourne
40.1%
2007Montel Vontavious Porter
40.1%
1984Dick Murdoch
39.8%
1996Zip
39.5%
1980Pedro Morales
39.3%
2006Mitch
39.2%
2008Zack Ryder
39%
2006Johnny
38.9%
1983Tony Atlas
38.1%
2005Heidenreich
37.9%
2002Tazz
37.5%
1972Mr. Fuji
37%
2004Billy Kidman
36.8%
2001Chris Kanyon
36.7%
2003Danny Basham
36.6%
2003Doug Basham
36.6%
2005Lance Cade
36.4%
2004Rob Conway
35.9%
2007Domino
35.9%
2003Sylvain Grenier
35.7%
1993Pierre/Carl Oulette
35.4%
2018Akam
34.9%
1984Adrian Adonis
34.5%
2010Vladimir Kozlov
34.2%
2005Rosey
33.7%
2010Drew McIntyre
33.5%
2018Rezar
33%
2000Bull Buchanan
33%
2008Curt Hawkins
33%
2002Rico
32.7%
2004Eugene
32.6%
1975Blackjack Mulligan
32%
1978Pierre
31.9%
1981Moondog Spot
31.9%
1981Moondog Rex
31.9%
1976Executioner #2/Big John Studd
31.6%
1998Ricky Morton
30.8%
1971Luke Graham
30.6%
1998Robert Gibson
30.1%
1975Blackjack Lanza
29.6%
1978Dino Bravo
29.4%
1972Professor Tanaka
28.7%
1973Tony Garea
28.6%
1972Chief Jay Strongbow
28.2%
1974Jimmy Valiant
28.1%
1974Johnny Valiant
28.1%
1982Jules Strongbow
28%
1979Jerry Valiant
28%
2001Sean O'Haire
27.9%
2004Kenzo Suzuki
27.2%
1981Mr. Saito
26.4%
1976Executioner #1/Killer Kowalski
25.5%
1979Ivan Putski
23.3%
1978Eric
23.1%
1973Haystacks Calhoun
21.7%
1971Tarzan Tyler
20.9%
1978Larry Zbyszko
20.4%
1971Rene Goulet
20.3%
1975Dominic DeNucci
20.2%
1976Billy White Wolf
20.1%
1971Karl Gotch
19%
1972Mikel Scicluna
18.4%
1972King Curtis Iaukea
17.3%
1975Tony Parisi
17.3%
1975Victor Rivera
16.9%
1975Louis Cerdan
16.2%

You're not logged in!

Compare scores with friends on all Sporcle quizzes.
OR
Log In

You Might Also Like...

Show Comments

Extras

Top Quizzes Today


Score Distribution

Your Account Isn't Verified!

In order to create a playlist on Sporcle, you need to verify the email address you used during registration. Go to your Sporcle Settings to finish the process.

Report this User

Report this user for behavior that violates our Community Guidelines.

Details: